Представление документа в формате MARC21

ПолеНазваниеЗначение
  Тип записи m
  Библиографический уровень m
001 Контрольный номер 89b911e02ceb4156996cf2619d3be7f4
005 Дата корректировки 20260220160917.7
040 Источник каталогиз. __
b Код языка каталог. rus
e Правила каталог. PSBO
041 Код языка издания 0_
a Код языка текста rus
080 Индекс УДК __
a Индекс УДК 796.07(04)
090 Шифры __
x Авторский знак Т 464
c Каталожный индекс 796.07(04)
100 Автор 1_
a Автор Тихонов Б.Г.
q Полное имя Тихонов Борис Григорьевич
245 Заглавие 10
a Заглавие Спортивные единоборства и прикладные физические упражнения в системе военно-профессионального воспитания студентов, обучающихся по программам подготовки офицеров запаса
b Продолж. заглавия автореферат диссертации на соискание ученой степени кандидата педагогических наук : 13.00.04
c Ответственность Военный институт физической культуры
256 Характеристики компьютерного файла __
a Характеристики компьютерного файла Электрон. текстов. дан. (1 файл : 19,8 МБ)
260 Выходные данные __
a Место издания Санкт-Петербург
c Дата издания 2006
300 Физическое описание __
a Объем Электрон. дан. (1 файл)
336 Вид содержания __
a Термин вида содержания Текст
337 Средство доступа __
a Термин типа средства электронный
500 Примечания __
a Примечание Режим доступа: Электронный каталог библиотеки. - Загл. с титула экрана. - Электрон. копия печ. версии
504 Библиография __
a Библиография Библиогр.: с. 22-24
520 Аннотация 0_
a Аннотация В работе дана развернутая характеристика процесса обучения и воспитания студентов - будущих офицеров запаса на современном этапе. Раскрыто содержание понятия "военно-профессиональное воспитание студентов, обучающихся по программам подготовки офицеров запаса". Определен перечень личностных качеств, обеспечивающих студенту успешность освоения воинской профессии. Установлены позитивная роль и педагогические возможности спортивных единоборств и прикладных физических упражнений в системе военно-профессионального воспитания студентов. Доказано, что занятия спортивными единоборствами, прикладными физическими упражнениями, военно-прикладными многоборьями создают благоприятные условия для воспитания положительных личностных качеств, необходимых для военнослужащего.
650 Тематические рубрики 14
a Предметная рубрика ФИЗКУЛЬТУРА И СПОРТ
650 Тематические рубрики 14
a Предметная рубрика АВТОРЕФЕРАТЫ
650 Тематические рубрики 04
a Предметная рубрика ЭЛЕКТРОННАЯ БИБЛИОТЕКА
653 Ключевые слова 1_
a Ключевые слова СПОРТИВНЫЕ ЕДИНОБОРСТВА; ПРИКЛАДНЫЕ УПРАЖНЕНИЯ; ВОЕННО-ПРОФЕССИОНАЛЬНОЕ ОБУЧЕНИЕ; СТУДЕНТЫ; ВОЕННО-ПРИКЛАДНОЕ МНОГОБОРЬЕ
900 Макрообъекты __
a Имя макрообъекта Тихонов Б.Г. (титул автореф.)
b Доступ к макрообъекту A
900 Макрообъекты __
a Имя макрообъекта Тихонов Б.Г. (автореф.)(018551)
901 Тип документа __
t Тип документа r
952 Тип литературы __
a Тип литературы для КСУ ВШ ЭАН
999 Фонд __
a Фонд автореф. 2026 ЭР